Online
Catalog

Familiar quotations : (Record no. 35795)

MARC details
000 -CABECERA
campo de control de longitud fija 00815nam a2200205 a 4500
001 - NÚMERO DE CONTROL
campo de control 000036304
005 - FECHA Y HORA DE LA ÚLTIMA TRANSACCIÓN
campo de control 20200930075646.0
008 - DATOS DE LONGITUD FIJA--INFORMACIÓN GENERAL
campo de control de longitud fija 120112s1940 xxu 001 0 eng d
040 ## - FUENTE DE LA CATALOGACIÓN
Centro catalogador/agencia de origen DO-SdBNP
Lengua de catalogación spa
Centro/agencia transcriptor BNPHU
082 ## - NÚMERO DE LA CLASIFICACIÓN DECIMAL DEWEY
Número de clasificación xxxx
Número de documento/Ítem B289f
100 1# - ENTRADA PRINCIPAL--NOMBRE DE PERSONA
Nombre de persona Bartlett, John
9 (RLIN) 62446
245 10 - MENCIÓN DE TÍTULO
Título Familiar quotations :
Resto del título a collection of passages, phrases, and proverbs traced to their Sources in ancient and modern literature /
Mención de responsabilidad, etc. John Bartlett; editor Chritopher Morley, Louella D. Everett.
250 ## - MENCIÓN DE EDICIÓN
Mención de edición rev. y ampl.
260 ## - PUBLICACIÓN, DISTRIBUCIÓN, ETC.
Lugar de publicación, distribución, etc. Boston, :
Nombre del editor, distribuidor, etc. Little, Brown and company,
Fecha de publicación, distribución, etc. 1940.
300 ## - DESCRIPCIÓN FÍSICA
Extensión xlviii, 578 p. ;
Dimensiones 23 cm.
500 ## - NOTA GENERAL
Nota general Incluye índice
504 ## - NOTA DE BIBLIOGRAFÍA, ETC.
Nota de bibliografía, etc. Incluye referencias bibliográficas y notas al pie de las páginas.
700 12 - PUNTO DE ACCESO ADICIONAL--NOMBRE DE PERSONA
Nombre de persona Morley, Chritopher ,
Término indicativo de función/relación ed.
9 (RLIN) 62447
700 12 - PUNTO DE ACCESO ADICIONAL--NOMBRE DE PERSONA
Nombre de persona Everett, Louella D.,
Término indicativo de función/relación ed.
9 (RLIN) 62448
Holdings
Estado de retiro Estado de pérdida Restricciones de uso No para préstamo Código de colección Localización permanente Ubicación/localización actual Ubicación en estantería Fecha de adquisición Número de inventario Total de préstamos Signatura topográfica completa Código de barras Fecha visto por última vez Precio válido a partir de Tipo de ítem Koha
      Excluido de préstamo Monografías: Libros y Folletos General General En catalogación 12.01.2012 LF1   xxxx B289f 36305-10 25.06.2020 25.06.2020 No se presta

Powered by Koha